000 00327nam a2200133Ia 4500
008 220204s9999 xx 000 0 und d
082 _a546
_bEME
100 _aAnderson, J S
245 0 _aModern aspects of inorganic chemistry
260 _aLondon
_bELBS
_c1962
650 _aInorganic chemistry
700 _aH J
942 _cBK
999 _c19691
_d19691